Statistics for Top 10 Corn Oil Producing Countries

Click here to take the quiz!

General Stats

  • This quiz has been taken 46 times
  • The average score is 7 of 10

Answer Stats

Metric TonsCountry% Correct
24,273,503United States
100%
1,489,660Brazil
95%
928,800Canada
95%
3,002,900China
93%
972,800France
78%
1,158,518Italy
73%
992,875Turkey
68%
2,111,460Japan
61%
1,525,200South Africa
44%
894,785Venezuela
37%

Score Distribution

Percentile by Number Answered

Percent of People with Each Score

Your Score History

You have not taken this quiz